Sustainability and ethical responsibility in the semiconductor industry A comparative case study of TSMC and SMIC

Bibliográfiai részletek
Szerző: Szávó Lóránd Levente
Dokumentumtípus: Könyv része
Megjelent: Budapesti Gazdaságtudományi Egyetem Budapest, Magyarország 2026
Sorozat:ESG - Risk Management or New Sustainability? VIII.BUEB International Sustainability Student ConferenceProceedings - Budapest University of Economics and Business 2025
Tárgyszavak:
doi:10.29180/978-615-6886-27-9_14

Kulcsszavak:Semiconductor industry
Sustainability
TSMC
SMIC
ESG
SDG's
Online Access:http://publikaciotar.uni-bge.hu/2644

MARC

LEADER 00000naa a2200000 i 4500
001 publ2644
005 20260326124510.0
008 260326s2026 hu o 000 zxx d
020 |a 978-615-6886-27-9 
024 |a 10.29180/978-615-6886-27-9_14  |2 doi 
040 |a BGE Publikációtár Repozitórium  |b hun 
100 1 |a Szávó Lóránd Levente 
245 1 0 |a Sustainability and ethical responsibility in the semiconductor industry  |b A comparative case study of TSMC and SMIC  |c Szávó Lóránd Levente  |h [elektronikus dokumentum] 
260 |a Budapesti Gazdaságtudományi Egyetem  |b Budapest, Magyarország  |c 2026 
300 |a 1-11 
490 0 |a ESG - Risk Management or New Sustainability? VIII.BUEB International Sustainability Student ConferenceProceedings - Budapest University of Economics and Business 2025 
650 4 |a gazdálkodás- és szervezéstudományok 
695 |a Semiconductor industry 
695 |a Sustainability 
695 |a TSMC 
695 |a SMIC 
695 |a ESG 
695 |a SDG's 
856 4 0 |u https://publikaciotar.uni-bge.hu/id/eprint/2644/1/SUS%20Conference%20Proceedings%20-%20ESG%20Risk%20Managenemt_14.cikk.pdf  |z Dokumentum-elérés